Innovative teaching and learning in primary schools
Guardat en:
| Autor principal: | |
|---|---|
| Format: | Llibre |
| Idioma: | anglès |
| Publicat: |
SAGE
2015
|
| Etiquetes: |
Afegir etiqueta
Sense etiquetes, Sigues el primer a etiquetar aquest registre!
|
MARC
| LEADER | 00000nam a22000007a 4500 | ||
|---|---|---|---|
| 008 | 201210b ||||| |||| 00| 0 eng d | ||
| 100 | |a HEWITT, Des |a Tarrant, Susan | ||
| 245 | |a Innovative teaching and learning in primary schools |c Des Hewitt and Susan Tarrant |g viii, 203p. | ||
| 260 | |b SAGE |c 2015 |h Los Angeles |i 692269 |i 692270 |l LB1556.7 .G7H49 |m Elementary school teaching – Great Britai |m Creative teaching – Great Britain |m School improvement programs – Great Britain | ||
| 500 | |a “It includes bibliographical references and index”. | ||
| 942 | |a lcc |c BK |e O.A.JOHNSON |f 10/12/20 | ||
| 952 | |0 0 |1 0 |2 lcc |4 0 |6 LB15567 G7 H49 |7 0 |9 366 |a HOL |b ED |c LP |d 2020-12-10 |l 0 |o LB1556.7 .G7H49 |p 2020-2101 |r 2020-12-10 00:00:00 |w 2020-12-10 |y BK | ||
| 952 | |0 0 |1 0 |2 lcc |4 0 |6 LB15567 G7 H49 |7 0 |9 367 |a HOL |b HOL |c LP |d 2020-12-10 |l 0 |o LB1556.7 .G7H49 |p 2020-2102 |r 2020-12-10 00:00:00 |w 2020-12-10 |y BK | ||
| 999 | |c 177 |d 177 | ||